000 00868nam a22002657a 4500
003 0
005 20180821145705.0
008 0
010 _aB-192049
020 _c00.00
_a0070585598
035 _aB-192049, B-192050, B-192058
037 _bCen Lib/Ret
040 _aDPL
_bEN
_c0
082 _a658.4012
_bHOI
100 _aHoisington, Steven H.
_933889
245 _aImplementing strategic change :
_cby Steven H.Hoisington [and] S.A.Veneswaran
_btools for transforming an organization /
260 _aNew Delhi
_bTata McGraw-Hill Publishing Company
_c2005
270 _a7 West Patel Nagar
_bNew Delhi
_e110008
300 _axix,230p. :
_c22cm(Hb)
_bill.
500 _aIncludes index
650 _aOrganizational change
_933890
650 _aCustomer relations
_919647
700 _aVaneswaran, S.A.
_933891
942 _2ddc
_cEN
_h658.4012
_mHOI
999 _c132171
_d132171